[Event "Latin Cup"]
[Site "Montevideo"]
[Date "2011.11.07"]
[Round "8"]
[White "Dominguez, Facundo"]
[Black "Ligato, Guillermo Fernando"]
[Result "0-1"]
[WhiteElo "1786"]
[BlackElo "1789"]
[PlyCount "66"]
[EventDate "2011.11.01"]
[EventType "swiss"]
[EventRounds "9"]
[EventCountry "URU"]
[SourceTitle "EXT 2012"]
[Source "ChessBase"]
[SourceDate "2011.11.24"]
[SourceVersion "1"]
[SourceVersionDate "2011.11.24"]
[SourceQuality "1"]

1. e4 g6 2. Nf3 c6 3. d4 d5 4. e5 Bg4 5. h3 Bxf3 6. Qxf3 e6 7. Bd3 c5 8. c3 Qb6 9. dxc5 Bxc5 10. 0-0 Nc6 11. Re1 a6 12. b4 Bd4 13. Bf4 Nxb4 14. Bg3 Nxd3 15. Qxd3 Qb2 16. Qxd4 Qxa1 17. Qd2 d4 18. cxd4 Rc8 19. Rd1 Ne7 20. Qb4 Qxa2 21. Qxb7 Qc2 22. Rf1 Qc6 23. Qb4 Qb5 24. Qa3 a5 25. Qd6 Nf5 26. Qa3 Qb4 27. Qd3 0-0 28. Rd1 Rfd8 29. Qa6 Ra8 30. Qc6 a4 31. Nd2 Nxg3 32. fxg3 Qxd4+ 33. Kh2 a3 0-1

[Event "Latin Cup"]
[Site "Montevideo"]
[Date "2011.11.02"]
[Round "2"]
[White "Roibal, Felisardo"]
[Black "Ligato, Guillermo Fernando"]
[Result "0-1"]
[WhiteElo "1518"]
[BlackElo "1789"]
[PlyCount "120"]
[EventDate "2011.11.01"]
[EventType "swiss"]
[EventRounds "9"]
[EventCountry "URU"]
[SourceTitle "EXT 2012"]
[Source "ChessBase"]
[SourceDate "2011.11.24"]
[SourceVersion "1"]
[SourceVersionDate "2011.11.24"]
[SourceQuality "1"]

1. e4 g6 2. d4 c6 3. Nf3 d5 4. Nc3 dxe4 5. Nxe4 Nf6 6. Nxf6+ exf6 7. Be3 Bd6 8. Be2 Na6 9. c3 Nc7 10. Qd2 Nd5 11. a3 Qa5 12. 0-0 0-0 13. c4 Qxd2 14. Bxd2 Nf4 15. Bd1 Bf5 16. c5 Bc7 17. Bc3 Rfe8 18. Bb3 Be4 19. Rfe1 Nh3+ 20. gxh3 Bxf3 21. Re3 Rxe3 22. fxe3 Bd5 23. Bxd5 cxd5 24. Kg2 f5 25. b4 Re8 26. Re1 Re6 27. a4 Bd8 28. Kf3 Bg5 29. Bd2 h5 30. b5 Bd8 31. a5 Bc7 32. Re2 Bd8 33. Be1 Kf8 34. b6 a6 35. Bg3 Ke8 36. Rc2 Kd7 37. Bd6 Kc6 38. Rb2 Re4 39. Bg3 Bg5 40. Re2 Bh6 41. h4 Bg7 42. Rg2 Bf6 43. Bf4 Bxh4 44. Bg5 Be1 45. Ra2 Bb4 46. Bf4 Re8 47. Ra4 Kb5 48. Rxb4+ Kxb4 49. c6 g5 50. Bd6+ Kxa5 51. cxb7 Kxb6 52. b8Q+ Rxb8 53. Bxb8 h4 54. Be5 a5 55. Bd6 a4 56. Be7 g4+ 57. Kf4 h3 58. Bd6 Kb5 59. Kxf5 g3 60. Bxg3 a3 0-1

[Event "Buenos Aires Duchamp op 1st"]
[Site "Buenos Aires"]
[Date "2011.09.20"]
[Round "7"]
[White "Caceres Recalde, Fernando"]
[Black "Ligato, Guillermo Fernando"]
[Result "1-0"]
[WhiteElo "2138"]
[BlackElo "1786"]
[PlyCount "20"]
[EventDate "2011.09.12"]
[EventType "swiss"]
[EventRounds "9"]
[EventCountry "ARG"]
[SourceTitle "EXT 2014"]
[Source "ChessBase"]
[SourceDate "2013.11.20"]
[SourceVersion "1"]
[SourceVersionDate "2013.11.20"]
[SourceQuality "1"]

1. e4 e5 2. Nf3 Nc6 3. Bc4 Nf6 4. d3 Be7 5. 0-0 d6 6. c3 Bg4 7. Bb3 Qd7 8. Re1 h6 9. Nbd2 Nh7 10. h3 Be6 1-0

[Event "Villa Martelli Rubinstein op"]
[Site "Villa Martelli"]
[Date "2011.08.07"]
[Round "7"]
[White "Torella, Rodolfo"]
[Black "Ligato, Guillermo Fernando"]
[Result "1-0"]
[WhiteElo "1993"]
[BlackElo "1795"]
[PlyCount "75"]
[EventDate "2011.08.01"]
[EventType "swiss"]
[EventRounds "9"]
[EventCountry "ARG"]
[SourceTitle "EXT 2012"]
[Source "ChessBase"]
[SourceDate "2011.11.24"]
[SourceVersion "1"]
[SourceVersionDate "2011.11.24"]
[SourceQuality "1"]

1. e4 e5 2. Nf3 Nc6 3. Bb5 a6 4. Ba4 Nf6 5. 0-0 Be7 6. Re1 b5 7. Bb3 d6 8. c3 0-0 9. h3 Nb8 10. d4 Nbd7 11. Nbd2 Bb7 12. Bc2 c5 13. Nf1 Re8 14. Ng3 Bf8 15. d5 c4 16. Be3 g6 17. Qd2 Qc7 18. Bg5 Bg7 19. Rf1 Nc5 20. Bh6 Bh8 21. Nh2 Rac8 22. f4 Qb6 23. Kh1 Nd3 24. Bxd3 cxd3 25. fxe5 Rxe5 26. Qxd3 Nh5 27. Nxh5 Rxh5 28. Be3 Qd8 29. Ng4 f5 30. exf5 Rc4 31. Nh6+ Rxh6 32. Bxh6 Rh4 33. Qd2 Rh5 34. fxg6 Bf6 35. Qf4 Bxd5 36. Qxf6 Rxh3+ 37. Kg1 Rxh6 38. Qxd8+ 1-0

[Event "Buenos Aires Bolivar op 4th"]
[Site "Buenos Aires"]
[Date "2011.06.15"]
[Round "3"]
[White "Merlo, Carlos"]
[Black "Ligato, Guillermo Fernando"]
[Result "0-1"]
[WhiteElo "2022"]
[BlackElo "1823"]
[PlyCount "134"]
[EventDate "2011.06.13"]
[EventType "swiss"]
[EventRounds "9"]
[EventCountry "ARG"]
[SourceTitle "EXT 2014"]
[Source "ChessBase"]
[SourceDate "2013.11.20"]
[SourceVersion "1"]
[SourceVersionDate "2013.11.20"]
[SourceQuality "1"]

1. d4 c6 2. e4 g6 3. Nc3 d5 4. Bf4 dxe4 5. Nxe4 Bg7 6. c3 Nf6 7. Nxf6+ exf6 8. Bd3 0-0 9. Ne2 Nd7 10. 0-0 Nb6 11. Qd2 Re8 12. Rfe1 Be6 13. b3 Qd7 14. Bh6 Bh8 15. Ng3 a5 16. Ne4 Bd5 17. f3 Bxe4 18. fxe4 Rad8 19. Rad1 Na8 20. Bc2 Nc7 21. Be3 Bg7 22. Qf2 Nb5 23. Bd2 Qe7 24. a4 Nc7 25. c4 Ra8 26. d5 Bf8 27. Bc3 Na6 28. d6 Qe6 29. Qxf6 Qxf6 30. Bxf6 Re6 31. d7 Bc5+ 32. Kh1 Rxf6 33. d8Q+ Rxd8 34. Rxd8+ Kg7 35. Red1 Bb6 36. R8d2 Nc5 37. g3 Bc7 38. Kg2 Be5 39. Rf1 Re6 40. Rd8 h5 41. Ra8 Bc3 42. Kf3 Rd6 43. Rd1 Rf6+ 44. Ke3 Re6 45. Rdd8 Kh6 46. Re8 Rf6 47. Ke2 Ne6 48. Rxe6 fxe6 49. Rb8 Rf7 50. Kd3 Bb4 51. e5 Rf2 52. Rxb7 Rd2+ 53. Ke4 Rxc2 54. Rb6 Rxh2 55. Rxc6 Rb2 56. Rxe6 Rxb3 57. Re8 Rxg3 58. e6 h4 59. Kd5 h3 60. c5 Rg5+ 61. Kd6 Rxc5 62. Kd7 Bc3 63. e7 Kg5 64. Rh8 Rd5+ 65. Kc6 Re5 66. e8Q Rxe8 67. Rxe8 h2 0-1

[Event "Villa Martelli Pro Am op 17th"]
[Site "Villa Martelli"]
[Date "2010.10.13"]
[Round "2"]
[White "Cabral, Matias Andres"]
[Black "Ligato, Guillermo Fernando"]
[Result "1-0"]
[WhiteElo "2095"]
[BlackElo "1917"]
[PlyCount "85"]
[EventDate "2010.10.10"]
[EventType "swiss"]
[EventRounds "9"]
[EventCountry "ARG"]
[SourceTitle "CBM 138 Extra"]
[Source "ChessBase"]
[SourceDate "2010.10.29"]
[SourceVersion "1"]
[SourceVersionDate "2010.10.29"]
[SourceQuality "1"]

1. e4 Nf6 2. Nc3 e5 3. Bc4 b5 4. Bxb5 c6 5. Ba4 Bc5 6. Nf3 0-0 7. 0-0 d5 8. exd5 e4 9. Ne5 Bd4 10. Nxc6 Nxc6 11. Bxc6 Qd6 12. Nb5 Qe5 13. Nxd4 Ng4 14. g3 Qxd4 15. Bxa8 Ne5 16. d3 Nf3+ 17. Kh1 Bg4 18. Bf4 Rxa8 19. dxe4 Qxe4 20. Qd3 Bf5 21. Qxe4 Bxe4 22. Rfd1 g5 23. Bc7 Re8 24. g4 h5 25. gxh5 Kg7 26. Kg2 f5 27. d6 Ne5+ 28. Kf1 Nd7 29. Re1 Rh8 30. f3 Bc6 31. Re7+ Kf6 32. Rae1 f4 33. h6 Kf5 34. h7 g4 35. fxg4+ Kxg4 36. Kf2 Kf5 37. h4 Nf6 38. R1e5+ Kg4 39. Rg5+ Kxh4 40. Rg6 Ne4+ 41. Rxe4 Bxe4 42. d7 Kh5 43. d8Q 1-0

[Event "ARG-ch 85th"]
[Site "Buenos Aires"]
[Date "2010.07.16"]
[Round "11"]
[White "Ligato, Guillermo Fernando"]
[Black "Ortega Morales, Javier"]
[Result "0-1"]
[WhiteElo "1944"]
[BlackElo "1963"]
[PlyCount "52"]
[EventDate "2010.07.05"]
[EventType "swiss"]
[EventRounds "11"]
[EventCountry "ARG"]
[SourceTitle "CBM 137 Extra"]
[Source "ChessBase"]
[SourceDate "2010.09.01"]
[SourceVersion "1"]
[SourceVersionDate "2010.09.01"]
[SourceQuality "1"]

1. e4 d5 2. exd5 Qxd5 3. Nc3 Qa5 4. d4 c6 5. Rb1 Qc7 6. g3 Nf6 7. Bf4 Qd8 8. Bg2 Bf5 9. Nf3 h6 10. 0-0 e6 11. Re1 Be7 12. Qe2 0-0 13. d5 cxd5 14. Nd4 Bg4 15. Qe3 Nc6 16. Nxc6 bxc6 17. h3 Bf5 18. Rbd1 Qb6 19. Qd2 Qxb2 20. g4 Bh7 21. Rb1 Qxc2 22. Qe3 Qd3 23. Qc1 Qa6 24. Rb3 Rac8 25. g5 hxg5 26. Be3 c5 0-1

[Event "Villa Martelli Pro Am op 11th"]
[Site "Villa Martelli"]
[Date "2004.11.13"]
[Round "8"]
[White "Ligato, Guillermo Fernando"]
[Black "Fresneda, Federico"]
[Result "0-1"]
[WhiteElo "2141"]
[BlackElo "2045"]
[PlyCount "122"]
[EventDate "2004.11.04"]
[EventType "swiss"]
[EventRounds "9"]
[EventCountry "ARG"]
[SourceTitle "CBM 103 Extra"]
[Source "ChessBase"]
[SourceDate "2005.01.01"]
[SourceVersion "1"]
[SourceVersionDate "2005.01.01"]
[SourceQuality "1"]

1. d4 Nf6 2. c4 g6 3. Nc3 d5 4. cxd5 Nxd5 5. Qa4+ c6 6. e4 Nxc3 7. bxc3 Bg7 8. Nf3 0-0 9. Be2 c5 10. 0-0 Nc6 11. Rd1 Qc7 12. Be3 Rd8 13. Rac1 Bd7 14. Qa3 Qa5 15. Qxa5 Nxa5 16. d5 Rac8 17. c4 Bg4 18. Bg5 Re8 19. Kf1 b6 20. Ng1 Bxe2+ 21. Nxe2 Nb7 22. Bf4 f5 23. e5 g5 24. d6 exd6 25. exd6 Rcd8 26. d7 Rf8 27. Bxg5 Bf6 28. Bf4 Rf7 29. Ng3 Bd4 30. Rd3 Rdxd7 31. Rcd1 Nd8 32. Nh5 Ne6 33. Bh6 f4 34. g4 fxg3 35. Rxg3+ Kh8 36. f3 Rf5 37. Re1 Be5 38. Rxe5 Rxe5 39. Nf6 Rd8 40. h4 Rf5 41. Nd5 Rh5 42. Bg5 Nxg5 43. hxg5 Rh1+ 44. Kg2 Ra1 45. f4 Rxa2+ 46. Kh3 Rc2 47. Kg4 Rxc4 48. Nf6 Rdd4 49. Kf5 Rxf4+ 50. Ke6 Kg7 51. Rd3 Rfe4+ 52. Nxe4 Rxe4+ 53. Kf5 Rd4 54. Re3 Rd5+ 55. Kf4 Rd7 56. Re6 Rc7 57. Kf5 c4 58. g6 Rc5+ 59. Ke4 hxg6 60. Re7+ Kf6 61. Rxa7 c3 0-1

[Event "Villa Martelli Pro Am op 11th"]
[Site "Villa Martelli"]
[Date "2004.11.10"]
[Round "5"]
[White "Hungaski, Robert Andrew"]
[Black "Ligato, Guillermo Fernando"]
[Result "1-0"]
[WhiteElo "2253"]
[BlackElo "2141"]
[PlyCount "51"]
[EventDate "2004.11.04"]
[EventType "swiss"]
[EventRounds "9"]
[EventCountry "ARG"]
[SourceTitle "CBM 103 Extra"]
[Source "ChessBase"]
[SourceDate "2005.01.01"]
[SourceVersion "1"]
[SourceVersionDate "2005.01.01"]
[SourceQuality "1"]

1. e4 g6 2. d4 c6 3. Nc3 d5 4. e5 Bg7 5. f4 h5 6. Nf3 Bg4 7. h3 Bxf3 8. Qxf3 e6 9. Be3 Nh6 10. Bf2 Nd7 11. g4 hxg4 12. hxg4 Qa5 13. 0-0-0 0-0-0 14. Kb1 Rhe8 15. Bh4 Bf8 16. Bg5 Ng8 17. Bxd8 Rxd8 18. Rh7 Nb6 19. Rxf7 Bb4 20. Rg7 Ne7 21. a3 Bxa3 22. Na2 Bxb2 23. Kxb2 Na4+ 24. Ka1 b5 25. Rxe7 b4 26. Qd3 1-0

[Event "Villa Martelli Pro Am op 11th"]
[Site "Villa Martelli"]
[Date "2004.11.06"]
[Round "2"]
[White "Ligato, Guillermo Fernando"]
[Black "Flores, Diego"]
[Result "0-1"]
[WhiteElo "2141"]
[BlackElo "2480"]
[PlyCount "44"]
[EventDate "2004.11.04"]
[EventType "swiss"]
[EventRounds "9"]
[EventCountry "ARG"]
[SourceTitle "CBM 103 Extra"]
[Source "ChessBase"]
[SourceDate "2005.01.01"]
[SourceVersion "1"]
[SourceVersionDate "2005.01.01"]
[SourceQuality "1"]

1. Nf3 g6 2. d4 Bg7 3. e4 d6 4. Nc3 a6 5. h3 Nd7 6. Be3 e6 7. g4 b5 8. a3 Bb7 9. Qd2 Ngf6 10. d5 Nc5 11. Bxc5 dxc5 12. dxe6 fxe6 13. Qxd8+ Rxd8 14. Ng5 Ke7 15. Bg2 h6 16. Nxe6 Kxe6 17. 0-0 g5 18. f4 gxf4 19. Rxf4 Rd2 20. Rc1 Nd7 21. Nb1 Bxb2 22. Rcf1 Rxc2 0-1

[Event "River Plate FMDA ITT 3rd"]
[Site "Buenos Aires"]
[Date "2003.06.07"]
[Round "4"]
[White "Ligato, Guillermo Fernando"]
[Black "Duarte, Leonardo"]
[Result "0-1"]
[WhiteElo "2197"]
[BlackElo "2152"]
[PlyCount "124"]
[EventDate "2003.06.03"]
[EventType "tourn"]
[EventRounds "11"]
[EventCountry "ARG"]
[EventCategory "3"]
[SourceTitle "EXT 2004"]
[Source "ChessBase"]
[SourceDate "2003.11.25"]
[SourceVersion "1"]
[SourceVersionDate "2003.11.25"]
[SourceQuality "1"]

1. d4 Nf6 2. c4 c5 3. d5 b5 4. Nf3 g6 5. cxb5 a6 6. e3 axb5 7. Bxb5 Qa5+ 8. Nc3 Ne4 9. a4 Bg7 10. 0-0 Bxc3 11. bxc3 Nxc3 12. Qd3 Nxb5 13. Bb2 Nd6 14. Bxh8 Ba6 15. Qc3 Bxf1 16. Qxa5 Rxa5 17. Bc3 Ra7 18. Kxf1 Ne4 19. Rb1 Na6 20. Be1 d6 21. Ke2 Nf6 22. Ba5 Nxd5 23. e4 Nab4 24. Bxb4 Nxb4 25. Ra1 e6 26. Kd2 Ke7 27. Kc3 d5 28. Nd2 Kd6 29. Nb3 Nc6 30. f3 d4+ 31. Kd3 Rb7 32. Nd2 Na5 33. f4 f6 34. Rc1 e5 35. g3 Rb4 36. fxe5+ fxe5 37. Rf1 c4+ 38. Kc2 Rxa4 39. Rf6+ Kc5 40. Rf8 d3+ 41. Kb1 c3 42. Rc8+ Kd4 43. Nf3+ Ke3 44. Rxc3 Kxf3 45. Rxd3+ Kxe4 46. Rd7 Rb4+ 47. Kc2 Rc4+ 48. Kb2 h5 49. Ra7 Nc6 50. Ra6 Kd5 51. Kb3 Nd4+ 52. Kb2 Rc6 53. Ra8 Rc2+ 54. Kb1 Rxh2 55. Rg8 Rg2 56. Rxg6 h4 57. Rh6 hxg3 58. Rg6 Rg1+ 59. Kb2 g2 60. Rg8 Ne2 61. Rg4 Nf4 62. Kc2 Ra1 0-1

[Event "Villa Martelli Pro Am op 10th"]
[Site "Villa Martelli"]
[Date "2003.??.??"]
[Round "5"]
[White "Ligato, Guillermo Fernando"]
[Black "Fusco, Leonardo"]
[Result "1/2-1/2"]
[WhiteElo "2187"]
[BlackElo "2200"]
[PlyCount "30"]
[EventDate "2003.10.23"]
[EventType "swiss"]
[EventRounds "9"]
[EventCountry "ARG"]
[SourceTitle "CBM 097 Extra"]
[Source "ChessBase"]
[SourceDate "2004.01.13"]
[SourceVersion "1"]
[SourceVersionDate "2004.01.13"]
[SourceQuality "1"]

1. Nf3 Nf6 2. d4 e6 3. Bg5 Be7 4. c4 b6 5. g3 Bb7 6. Bg2 0-0 7. 0-0 h6 8. Bf4 c5 9. Nc3 cxd4 10. Qxd4 Nc6 11. Qd2 Na5 12. b3 d5 13. cxd5 Nxd5 14. Nxd5 Qxd5 15. Qxd5 Bxd5 1/2-1/2

[Event "River Plate FMDA ITT 3rd"]
[Site "Buenos Aires"]
[Date "2003.??.??"]
[Round "2"]
[White "Ligato, Guillermo Fernando"]
[Black "Rosito, Jorge"]
[Result "0-1"]
[WhiteElo "2197"]
[BlackElo "2410"]
[PlyCount "58"]
[EventDate "2003.06.03"]
[EventType "tourn"]
[EventRounds "11"]
[EventCountry "ARG"]
[EventCategory "3"]
[SourceTitle "EXT 2004"]
[Source "ChessBase"]
[SourceDate "2003.11.25"]
[SourceVersion "1"]
[SourceVersionDate "2003.11.25"]
[SourceQuality "1"]

1. d4 Nf6 2. c4 e6 3. Nf3 c5 4. d5 d6 5. Nc3 exd5 6. cxd5 g6 7. Nd2 Bg7 8. e4 0-0 9. Be2 Na6 10. 0-0 Ne8 11. Nc4 f5 12. exf5 Bxf5 13. Ne3 Bd7 14. f4 Rb8 15. Kh1 Nac7 16. Qc2 Bd4 17. f5 Bxe3 18. Bxe3 Bxf5 19. Bd3 Ng7 20. Bh6 Nce8 21. g4 Bxg4 22. Rxf8+ Kxf8 23. Rf1+ Kg8 24. Bxg6 hxg6 25. Qxg6 Bh5 26. Qg3 Qe7 27. Rf5 Kh7 28. Bg5 Nxf5 29. Qf4 Qe5 0-1

[Event "River Plate FMDA ITT 3rd"]
[Site "Buenos Aires"]
[Date "2003.??.??"]
[Round "3"]
[White "Salas Arros, Cristian Eduardo"]
[Black "Ligato, Guillermo Fernando"]
[Result "1/2-1/2"]
[WhiteElo "2369"]
[BlackElo "2197"]
[PlyCount "37"]
[EventDate "2003.06.03"]
[EventType "tourn"]
[EventRounds "11"]
[EventCountry "ARG"]
[EventCategory "3"]
[SourceTitle "EXT 2004"]
[Source "ChessBase"]
[SourceDate "2003.11.25"]
[SourceVersion "1"]
[SourceVersionDate "2003.11.25"]
[SourceQuality "1"]

1. d4 d5 2. c4 c6 3. Nf3 Nf6 4. e3 e6 5. Bd3 dxc4 6. Bxc4 c5 7. 0-0 a6 8. a4 Nc6 9. Qe2 cxd4 10. Rd1 Be7 11. exd4 0-0 12. Nc3 Nd5 13. Qe4 Nf6 14. Qe2 Nd5 15. Ne4 b6 16. Ne5 Bb7 17. Nxc6 Bxc6 18. Nc3 Bb7 19. Nxd5 1/2-1/2

[Event "Najdorf Memorial op"]
[Site "Buenos Aires"]
[Date "2002.09.27"]
[Round "5.36"]
[White "Ligato, Guillermo Fernando"]
[Black "Escandell Mari, Juan Carlos"]
[Result "0-1"]
[WhiteElo "2098"]
[BlackElo "2285"]
[PlyCount "92"]
[EventDate "2002.09.23"]
[EventType "swiss"]
[EventRounds "8"]
[EventCountry "ARG"]
[SourceTitle "CBM 090 Extra"]
[Source "ChessBase"]
[SourceDate "2002.11.07"]
[SourceVersion "1"]
[SourceVersionDate "2002.11.07"]
[SourceQuality "1"]

1. d4 Nf6 2. Nf3 g6 3. g3 Bg7 4. Bg2 0-0 5. 0-0 d5 6. c4 dxc4 7. Na3 c3 8. bxc3 c5 9. Bb2 Nc6 10. Nc4 Be6 11. Nfe5 Nd5 12. Nxc6 bxc6 13. Qc1 Rb8 14. Rd1 Qc7 15. e4 Nb6 16. Nxb6 Qxb6 17. Rd2 Rfd8 18. Qd1 Qa5 19. Rb1 Qxa2 20. d5 cxd5 21. exd5 Bxc3 22. Ra1 Qb3 23. Bxc3 Qxc3 24. Rd3 Qb2 25. Rxa7 Bf5 26. Rda3 c4 27. g4 c3 28. Rxc3 Qxc3 29. gxf5 Qc5 30. Ra1 gxf5 31. Rc1 Qa3 32. Ra1 Qc3 33. Rc1 Qe5 34. Qf3 Rd6 35. Rd1 Rb2 36. Qg3+ Qxg3 37. hxg3 e6 38. Bf3 Rb5 39. Rd2 e5 40. g4 fxg4 41. Be4 Kg7 42. Kg2 h5 43. Rd3 Kf6 44. f3 Kg5 45. Ra3 Rb2+ 46. Kg3 h4# 0-1